000 00352cam a2200145ua 4500
003 OSt
008 240423b |||||||| |||| 00| 0 eng d
041 _aeng
082 _a294.5921
_bNAG/IN
100 _aNagaraja, Rao .
_96190
245 _aIntroduction to vedanta
260 _a :
_bBhavans book university ,
_c1960.
300 _a243 ; .
942 _cBK
999 _c1668
_d1668